000
00239 a2200097 4500
001
16314
100
_a
S A E
245
_a
Criteria for current and advanced aircraft Hydraulics Tubing SP-378
260
_a
_b
S A E
_c
090
_c
12487
_d
12487
942
_a
NUST-CAE
_c
M
_c
2766
999
_c
251387
_d
251387